000 00459nam a2200181Ia 4500
003 GCL
008 140319s9999 xx 000 0 eng d
040 _aGCL /
_cGCL
082 0 4 _a307.76
_bW P
100 1 _aWATSON, SOPHIE
245 1 0 _aPOSTMODERN CITIES AND SPACES /
_cWATSON, SOPHIE
700 1 _aGIBSON, KATHERINE
260 _a[S.N] :
_bBLACK WELL ،
_c1995
300 _a269 P
650 0 4 _aCITIES
650 0 4 _aSOCIOLOGY - URBAN
942 _2ddc
_cBK
999 _c21286
_d21286